Régions de France en 60 secondes - Statistiques

Statistiques générales
  • Ce quiz a été pris 138 fois
  • Le résultat moyen est 13 sur 18
Réponses sur la Carte
Les réponses sont colorées sur une échelle allant du rouge au vert en fonction du pourcentage des utilisateurs qui les ont devinées à leur premier essai. Vous pouvez retrouver ces pourcentages ci-dessous.
 
Statistiques - réponses
Région % Correct
Bretagne
92%
Île-de-France
90%
Normandie
83%
Provence-Alpes-Côte d'Azur
80%
Occitanie
79%
Grand Est
76%
Corse
75%
Hauts-de-France
75%
Guyane
69%
Nouvelle Aquitaine
69%
Centre-Val de Loire
67%
La Réunion
67%
Auvergne-Rhône-Alpes
65%
Martinique
64%
Bourgogne-Franche-Comté
63%
Guadeloupe
62%
Pays de la Loire
62%
Mayotte
61%
Aucun quiz correspondant
Distribution des résultats
% des personnes avec chaque résultat
Percentile par nombre de réponses
Votre historique - résultats
Vous n’avez pas pris ce quiz